[Event "Treviglio Province-ch"]
[Site "Treviglio"]
[Date "2014.01.19"]
[Round "2"]
[White "Caldi, Irene"]
[Black "Tedoldi, Guido"]
[Result "1-0"]
[WhiteElo "1715"]
[BlackElo "1539"]
[PlyCount "61"]
[EventDate "2014.01.18"]
[EventType "swiss"]
[EventRounds "6"]
[EventCountry "ITA"]
[SourceTitle "EXT 2016"]
[Source "ChessBase"]
[SourceDate "2015.10.08"]
[SourceVersion "1"]
[SourceVersionDate "2015.10.08"]
[SourceQuality "1"]

1. e4 c5 2. Nc3 Nc6 3. f4 e5 4. f5 Nf6 5. Bb5 a6 6. Bxc6 bxc6 7. Nf3 Qc7 8. d3 h6 9. 0-0 d5 10. Qe1 Bd6 11. Qg3 Rg8 12. Re1 Kf8 13. Qh3 Bd7 14. Kh1 Rb8 15. Rg1 dxe4 16. dxe4 c4 17. Nd2 Bc5 18. Rd1 Bd4 19. Qf3 Bxc3 20. bxc3 c5 21. Nxc4 Bc6 22. Nd2 Rd8 23. Re1 Bb5 24. a4 Bc6 25. Qe3 Bb7 26. Ba3 Ng4 27. Qxc5+ Qxc5 28. Bxc5+ Ke8 29. Re2 g5 30. Nc4 Rc8 31. Nd6+ 1-0